MARC details
| 000 -CABECERA |
| campo de control de longitud fija |
01902nam a2200337 a 4500 |
| 001 - NÚMERO DE CONTROL |
| campo de control |
000039178 |
| 003 - IDENTIFICADOR DEL NÚMERO DE CONTROL |
| campo de control |
DO-SdBNP |
| 005 - FECHA Y HORA DE LA ÚLTIMA TRANSACCIÓN |
| campo de control |
20220513140121.0 |
| 007 - CAMPO FIJO DE DESCRIPCIÓN FÍSICA--INFORMACIÓN GENERAL |
| campo de control de longitud fija |
ta |
| 008 - DATOS DE LONGITUD FIJA--INFORMACIÓN GENERAL |
| campo de control de longitud fija |
130606s2021 dr 000 0 spa d |
| 020 ## - NÚMERO INTERNACIONAL ESTÁNDAR DEL LIBRO |
| Número Internacional Estándar del Libro |
9789945904123 |
| 040 ## - FUENTE DE LA CATALOGACIÓN |
| Centro catalogador/agencia de origen |
DO-SdBNP |
| Lengua de catalogación |
spa |
| Centro/agencia transcriptor |
BNPHU |
| 082 #4 - NÚMERO DE LA CLASIFICACIÓN DECIMAL DEWEY |
| Número de clasificación |
342.7293 |
| Número de documento/Ítem |
C748e |
| Número de edición |
22 |
| 245 10 - MENCIÓN DE TÍTULO |
| Título |
Conflictos entre derechos constitucionales en la República Dominicana / |
| Mención de responsabilidad, etc. |
Enmanuel Cedeño Brea ... [et al.] |
| 260 ## - PUBLICACIÓN, DISTRIBUCIÓN, ETC. |
| Lugar de publicación, distribución, etc. |
Santo Domingo : |
| Nombre del editor, distribuidor, etc. |
PCMM, |
| Fecha de publicación, distribución, etc. |
2021. |
| 300 ## - DESCRIPCIÓN FÍSICA |
| Extensión |
306 p. ; |
| Dimensiones |
24 cm. |
| 490 1# - MENCIÓN DE SERIE |
| Mención de serie |
Ciudadanía y políticas públicas |
| 500 ## - NOTA GENERAL |
| Nota general |
Incluye referencias bibliográficas y notas al pie de las páginas. |
| 500 ## - NOTA GENERAL |
| Nota general |
Incluye bibliografía al final de los capítulos |
| 590 ## - NOTA LOCAL (RLIN) |
| Nota local |
Inventariado, 2021 / DG |
| 651 #4 - PUNTO DE ACCESO ADICIONAL DE MATERIA--NOMBRE GEOGRÁFICO |
| Nombre geográfico |
República Dominicana |
| Subdivisión general |
Derecho Constitucional |
| 9 (RLIN) |
9303 |
| 700 1# - PUNTO DE ACCESO ADICIONAL--NOMBRE DE PERSONA |
| Nombre de persona |
Reyes, Renny, |
| 9 (RLIN) |
81426 |
| Título de la obra |
La regulación del derecho a huelga frente a los derechos de los usuarios a os servicios públicos : ¿norma o estándar? |
| 700 1# - PUNTO DE ACCESO ADICIONAL--NOMBRE DE PERSONA |
| Nombre de persona |
Cedeño-Brea, Enmanuel, |
| Título de la obra |
El secreto profesional y las obligaciones de prevención del lavado de activos de los profesionales sujetos obligados no financieros |
| 9 (RLIN) |
81610 |
| 700 1# - PUNTO DE ACCESO ADICIONAL--NOMBRE DE PERSONA |
| Nombre de persona |
Sousa Duvergé, Luis Antonio, |
| Título de la obra |
El control de convencionalidad en la República Dominicana y el derecho a la nacionalidad : colisión entre la soberanía y la protección de los derechos humanos. |
| 9 (RLIN) |
81611 |
| 700 1# - PUNTO DE ACCESO ADICIONAL--NOMBRE DE PERSONA |
| Nombre de persona |
Jorge Mera, Dilia Leticia. |
| Título de la obra |
El derecho a la salud del menor y la autoridad parental. |
| 9 (RLIN) |
81612 |
| 700 1# - PUNTO DE ACCESO ADICIONAL--NOMBRE DE PERSONA |
| Nombre de persona |
Peña Pérez, Pascal. |
| 9 (RLIN) |
81334 |
| Título de la obra |
La protección de datos personales como derecho fundamental en la República Dominicana : los desafíos jurídicos del ecosistema digital. |
| 700 1# - PUNTO DE ACCESO ADICIONAL--NOMBRE DE PERSONA |
| Nombre de persona |
Perdomo Cordero, Nassef. |
| Término indicativo de función/relación |
El derecho al olvido de los funcionarios en la constitución dominicana. |
| 9 (RLIN) |
54065 |
| 830 #0 - PUNTO DE ACCESO ADICIONAL DE SERIE-TÍTULO UNIFORME |
| Título uniforme |
Ciudadanía y políticas públicas |
| 9 (RLIN) |
19938 |
| 910 ## - DATOS DE OPCIÓN DEL USUARIO (OCLC) |
| Datos de opción del usuario |
DG. Validado MFF |
| 942 ## - ELEMENTOS DE PUNTO DE ACCESO ADICIONAL (KOHA) |
| Fuente del sistema de clasificación o colocación |
Dewey Decimal Classification |
| Tipo de ítem Koha |
Libro |